000 01625cam a22004334i 4500
003 PE-LiUPU
005 20250731172928.0
008 150617s1963 r 000 0 eng d
035 _a(Sirsi) a204186
040 _aPE-LiUPU
_bspa
_cPE-LiUPU
_erda
049 _aPRUA
082 0 4 _a286.7
_bO72
_221
100 1 _aOrr, James,
_eautor.
245 1 4 _aThe christian view of God and the world :
_bas centring in the incarnation /
_cBy James Orr D. D.
264 1 _aU.S.A :
_bEerdman,
_c1963.
300 _a480 páginas ;
_c20 centímetros.
336 _atext
_2rdacontent
337 _aunmediated
_2rdamedia
338 _avolume
_2rdacarrier
505 0 _aThe christian view of the world in general -- The christian view and its alternatives -- The theisitc postulate of the christian view -- The postulate of the christian view of the world in regard to nature and man -- The postulate of the christian view in regard to the sin and disorder of the world.
526 _aSEG42
526 _aSEG41
526 _aSEG40
526 _aSEG39
526 _aP94
526 _aP87
526 _aP86
526 _aP85
526 _aP77
526 _aP76
526 _aP35
650 1 7 _aTeologia dogmatica.
_2embne.
_95003
650 2 7 _aEncarnación.
_2embne.
_93836
942 _2ddc
_cBOOK
994 _aC0
_bPEPRU
596 _a1
999 _a286.7 O72
_wLC
_c20559
_i76043
_f2021-11-11
_g5
_lCCODEBUL1
_mBUL
_p10.00
_r0
_sY
_tBOOK
_u2017-5-31
_xTEOLOGIA
_PP85
_0DONACION
_o.STAFF. Colección Teología
_d20559
980 _81
_gALBERTO SANCHEZ Responsable de Automatización